000 006350000a22001930004500
020 _a84-7228-146-9
041 0 _aSPA
082 0 4 _aG 231.765 T2381f
100 1 _aTaylor, E. L. Hebden (Eustace Lovatt) (1925-)
245 1 0 _aEvolución o reformación en la biología? / E. L. Hebden Taylor
260 _aGrand Rapids, MI., USA : TSELF
300 _a143 Pag
650 1 4 _aDOOYEWEERD, H. (HERMAN), 1894-1977 \ DUYVENE DE WIT, JOHANNES JACOBUS, 1909- \ EVOLUCION \ BIBLIA Y CIENCIA
001 3898
942 _cBK
999 _c34522
_d34522
336 _atexto
_btxt
_2rdacontent
337 _2rdamedia
_asin mediación
_bn
338 _2rdacarrier
_avolumen
_bnc